Cities: Skylines DLCs - Statistics

General Stats
  • This quiz has been taken 6 times
  • The average score is 9 of 11
Answer Stats
Release Year DLC % Correct
2022 Airports
100%
2022 Plazas & Promenades
100%
2015 After Dark
80%
2019 Campus
80%
2017 Green Cities
80%
2018 Industries
80%
2016 Natural Disasters
80%
2016 Snowfall
80%
2017 Mass Transit
60%
2018 Parklife
60%
2020 Sunset Harbor
60%
No matching quizzes found
Score Distribution
Percent of People with Each Score
Percentile by Number Answered
Your Score History
You have not taken this quiz